| 000 | 00443nam a2200181Ia 4500 | ||
|---|---|---|---|
| 005 | 20250423100838.0 | ||
| 008 | 250422s9999 xx 000 0 und d | ||
| 020 | _a1565921003 | ||
| 050 | _aQA 76.76.O63 .W45/ | ||
| 100 | _aWelsh, Matt | ||
| 245 | 0 | _aRunning linux | |
| 260 | _aSebastopol Ca. | ||
| 260 | _bO'Reilly and Associates | ||
| 260 | _cc1995 | ||
| 300 | _a575 p | ||
| 650 | _aLINUX Operating systems (Computers) | ||
| 942 | _cBK | ||
| 999 |
_c34514 _d34514 |
||